Developments in injection moulding . V 1. (Record no. 36573)

MARC details
000 -LEADER
fixed length control field 00346nam a2200133Ia 4500
082 ## - DEWEY DECIMAL CLASSIFICATION NUMBER
Classification number 678.027.74
Item number DEV.1
245 #0 - TITLE STATEMENT
Title Developments in injection moulding . V 1.
260 ## - PUBLICATION, DISTRIBUTION, ETC. (IMPRINT)
Place of publication London
Name of publisher Applied
Year of publication 1978
650 ## - SUBJECT ADDED ENTRY--TOPICAL TERM
Topical Term Injection moulding
700 ## - ADDED ENTRY--PERSONAL NAME
Personal name Craft, J L
700 ## - ADDED ENTRY--PERSONAL NAME
Personal name Whelan, A
942 ## - ADDED ENTRY ELEMENTS (KOHA)
Koha item type Books
Holdings
Withdrawn status Lost status Damaged status Not for loan Home library Current library Date acquired Cost, normal purchase price Full call number Accession Number Koha item type
        RRII Library RRII Library 16/12/2021 22.30 678.027.74 DEV.1 16979 Books